| 000 | 01307nam a2200205Ia 4500 | ||
|---|---|---|---|
| 001 | 8555 | ||
| 003 | GE_BSU | ||
| 008 | 181216s||||||||xx |||||||||||||| ||und|| | ||
| 040 | _cGE_BSU | ||
| 080 | _a341.64(4) | ||
| 245 | _aადამიანის უფლებათა ევროპული სასამართლოს 2012 წლის შერჩეულ განჩინებათა და გადაწყვეტილებათა კრებული. | ||
| 245 | _cკრებული შეადგინა და დაამუშავა თინათინ ბეჟაშვილმა. | ||
| 250 | _aსაქართველოს უზენაესი სასამართლო ადამიანის უფლებათა ცენტრი. | ||
| 260 | _aთბილისი. | ||
| 260 | _bსაქართველოს უზენაესი სასამართლო. | ||
| 260 | _c2013. | ||
| 300 | _a74გვ;27სმ. | ||
| 653 | _aადამიანის უფლებათა ევროპული სასამართლოს 2012წლის შერჩეულ განჩინებათა და გადაწყვეტილებათა კრებული. | ||
| 942 | _cBK | ||
| 999 |
_c41872 _d41872 |
||